000 00863nab a2200253 u 4500
001 13976
003 HDC
007 cr bn ---aaaaa
008 210214c xx dr|noo 0 a may d
040 _aHDC
100 _aHafiz Ithnin,
_eauthor
_97623
245 0 _aEksport Malaysia naik 8.21 peratus /
_cby Hafiz Ithnin
260 _a[No place] :
_b[publisher not identified],
_c[no date]
336 _atext
_2rdacontent
337 _acomputer
_2rdamedia
338 _aonline resource
_2rdacarrier
650 _aExports
_zMalaysia
_96104
650 _aHalal food industry
_xCertification
_zMalaysia
_9405
710 _aHmetro
856 _zRequest full-text at [email protected]
942 _2lcc
942 _cNEWS
942 _kNWSO 001845
999 _c11292
_d11292